The Constitution of India: (Record no. 3310)

MARC details
000 -LEADER
fixed length control field 00509nam a2200169Ia 4500
003 - CONTROL NUMBER IDENTIFIER
control field GBCCL
005 - DATE AND TIME OF LATEST TRANSACTION
control field 20241126110452.0
008 - FIXED-LENGTH DATA ELEMENTS--GENERAL INFORMATION
fixed length control field 171124b xxu||||| |||| 00| 0 eng d
040 ## - CATALOGING SOURCE
Transcribing agency gbc
082 ## - DEWEY DECIMAL CLASSIFICATION NUMBER
Classification number 342.54
Item number JHA
100 ## - MAIN ENTRY--PERSONAL NAME
Personal name Jhabvala, Noshirvan H.
9 (RLIN) 6788
245 ## - TITLE STATEMENT
Title The Constitution of India:
Remainder of title As amended by the Forty-sixth Amendment Act /
Statement of responsibility, etc. Noshirvan H. Jhabvala
260 ## - PUBLICATION, DISTRIBUTION, ETC.
Name of publisher, distributor, etc. C. Jamnadas & Co.,
Place of publication, distribution, etc. Bombay:
Date of publication, distribution, etc. 1985
300 ## - PHYSICAL DESCRIPTION
Extent 327p.;
Dimensions 23 cm.
650 ## - SUBJECT ADDED ENTRY--TOPICAL TERM
Topical term or geographic name entry element Constitution
Form subdivision India
9 (RLIN) 6790
942 ## - ADDED ENTRY ELEMENTS (KOHA)
Source of classification or shelving scheme Dewey Decimal Classification
Koha item type Books
Koha issues (borrowed), all copies 1
Holdings
Withdrawn status Lost status Source of classification or shelving scheme Damaged status Not for loan Home library Current Library Shelving location Date acquired Total checkouts Full call number Barcode Date last seen Date last checked out Copy number Price effective from Koha item type
    Dewey Decimal Classification     GRACE BIBLE COLLEGE GRACE BIBLE COLLEGE General Studies 2017-11-24 1 342.54 JHA 008929 2025-05-01 2024-02-24 c.1 2017-11-24 Books
© Grace Bible College Library 2025